Rozpoznaj anime po jednym wyrazie - Statystyki

Ogólne statystyki
  • Ten quiz został rozwiązany 997 razy
  • Średni wynik to 7 z 12
Statystyki odpowiedzi
Jeden Wyraz Odpowiedź % Poprawnych
Pikachu Pokemon
97%
Tytan Attack On Titan
93%
Cios One Punch Man
86%
Ichigo Bleach
78%
Łowca Hunterxhunter
71%
Miecz Sword Art Online
71%
Wiking Vinland Saga
57%
Kamień Dr. Stone
56%
Darwin Darwin's Game
26%
Magia Fairy Tail
22%
2046 Accel World
4%
VRMMO Infinite Dendogram
0%
Nie znaleziono quizów pasujących do podanych kryteriów
Rozkład punktacji
Procent ludzi z każdym wynikiem
Percentyl według liczby udzielonych odpowiedzi
Twoja historia wyników
Nie rozwiązałeś tego quizu